[Event "Crema op-B 17th"]
[Site "Crema"]
[Date "2016.09.03"]
[Round "4"]
[White "Cremonese, Giuseppina"]
[Black "Biava, Pierluigi"]
[Result "0-1"]
[WhiteElo "1156"]
[BlackElo "1653"]
[PlyCount "60"]
[EventDate "2016.09.02"]
[EventType "swiss"]
[EventRounds "6"]
[EventCountry "ITA"]
[SourceTitle "EXT 2018"]
[Source "ChessBase"]
[SourceDate "2017.10.13"]
[SourceVersion "1"]
[SourceVersionDate "2017.10.13"]
[SourceQuality "1"]

1. e4 g6 2. Nf3 b6 3. Bc4 e6 4. 0-0 Bg7 5. d4 Ne7 6. Bf4 d6 7. Nc3 a6 8. Re1 h6 9. a4 Bb7 10. Qd2 Qd7 11. b3 Nbc6 12. Ra2 g5 13. Bg3 g4 14. Nh4 Bxd4 15. Ne2 Be5 16. Qe3 Bxg3 17. Nxg3 Ne5 18. Nh5 0-0-0 19. Nf6 Qc6 20. Qc3 Nxc4 21. bxc4 Qc5 22. Nxg4 Qg5 23. Qg3 Rdg8 24. Nf3 Qxg4 25. Qxg4 Rxg4 26. h3 Rxe4 27. Rb1 Rxc4 28. Ne1 Nd5 29. Rb3 Nf4 30. Rg3 Ne2+ 0-1

[Event "Crema op-B 17th"]
[Site "Crema"]
[Date "2016.09.02"]
[Round "1"]
[White "Pisani, Valerio"]
[Black "Cremonese, Giuseppina"]
[Result "1-0"]
[WhiteElo "1710"]
[BlackElo "1156"]
[PlyCount "63"]
[EventDate "2016.09.02"]
[EventType "swiss"]
[EventRounds "6"]
[EventCountry "ITA"]
[SourceTitle "EXT 2018"]
[Source "ChessBase"]
[SourceDate "2017.10.13"]
[SourceVersion "1"]
[SourceVersionDate "2017.10.13"]
[SourceQuality "1"]

1. e4 e5 2. Nf3 Nc6 3. Bb5 Bc5 4. d3 Nf6 5. 0-0 Nd4 6. Nxd4 exd4 7. e5 Nd5 8. Qg4 0-0 9. Bh6 g6 10. Bxf8 Qxf8 11. Bxd7 f5 12. exf6 Nxf6 13. Qe6+ Kg7 14. Bxc8 Rxc8 15. Qe2 h5 16. Nd2 Qd6 17. Nf3 Qf4 18. Qe5 Qf5 19. Qxf5 gxf5 20. Rfe1 Rh8 21. Re5 Bd6 22. Rxf5 h4 23. h3 Re8 24. Re1 Rc8 25. Re6 Nh7 26. Nxh4 Nf8 27. Re4 c5 28. Rg4+ Kh8 29. Rh5+ Nh7 30. Ng6+ Kg7 31. Ne7+ Kh8 32. Nxc8 1-0